Statistics for Top 15 least populated Asian countries (2021)

Click here to take the quiz!

General Stats

  • This quiz has been taken 24 times
  • The average score is 11 of 15

Answer Stats

RankCountry% Correct
2Brunei
92%
5Bahrain
88%
1Qatar
88%
7Bhutan
83%
6Kuwait
83%
8East Timor
79%
12Mongolia
79%
9Oman
75%
3United Arab Emirates
75%
11Cyprus
71%
15Israel
71%
10Jordan
71%
4Maldives
67%
13Singapore
63%
14Turkmenistan
63%

Score Distribution

Percentile by Number Answered

Percent of People with Each Score

Your Score History

You have not taken this quiz